Podhradský primátor:"Nevidím problém v spolupráci ľavice a pravice"

Bibliographic Details
Format: Article
Language:Slovak
PhysicalDescription:Fotogr.
ISSN:1335-759X
Subjects:

MARC

LEADER 00000nab a2200000 ar4500
001 vtls009085427
003 SK-MaSNL
005 20260305040732.0
008 070806c20070108xo mr|p|||||||000 b|slo
038 |a SNSK 
040 |b slo  |c SNSK  |e AACR2 
041 |a slo 
044 |a xo  |c SK 
080 |a 352-051  |x (437.6)  |2 2001 
245 0 0 |a Podhradský primátor:"Nevidím problém v spolupráci ľavice a pravice"  |c [autor](šim), Jozef Bača 
300 |b Fotogr. 
650 0 7 |a primátori  |2 snsk  |9 29696 
651 7 |a Spišské Podhradie (Slovensko)  |2 snsk  |9 26697 
651 7 |a Levoča (Slovensko : okres)  |2 snsk  |9 30131 
773 0 |t Spišský denník Korzár  |g Roč. IX., č. 5 (8.1.2007), s. 1  |x 1335-759X 
852 |a SNSK  |b KIS3GCP 
999 |c 3340050  |d 3341980